[Event "Tournoi Ouvert de Gatineau (A)"]
[Site "Gatineau"]
[Date "2015.03.??"]
[Round "4"]
[White "Doubleday, William G "]
[Black "Kellar, Ben "]
[Result "1/2-1/2"]
[BlackElo "1977"]
[WhiteElo "2069"]

1.d4 d5 2.c4 c6 3.e3 e6 4.Nc3 f5 5.g4 fxg4 6.Qxg4 Nf6 7.Qe2 Bb4 8.Bd2 O-O
9.Bg2 b6 10.a3 Be7 11.f4 Ba6 12.b3 c5 13.Nf3 Nc6 14.Nb5 Ne4 15.O-O Rc8
16.Rfc1 g5 17.fxg5 Bxg5 18.Rf1 Bh6 19.Rad1 Bxb5 20.cxb5 Na5 21.Bxa5 bxa5
22.Ne5 Qg5 23.Qg4 Rxf1+ 24.Rxf1 Qxg4 25.Nxg4 Bg5 26.Bxe4 dxe4 27.Rc1 h5 28.h4
Be7 29.Nf2 a4 30.b4 c4 31.Nxe4 Bxh4 32.Nc5 Rf8 33.Ne4 Rf3 34.Rc3 Be1 35.Rxc4
Rxe3 36.Rc8+ Kg7 37.Rc7+ Kg6 38.Nc5 Rxa3 39.Rxa7 Bg3 40.b6 h4 41.Rxa4 Re3
42.Ra1 h3 43.Rf1 Re2 44.b7 Rg2+ 1/2-1/2

[Event "Tournoi Ouvert de Gatineau (A)"]
[Site "Gatineau"]
[Date "2015.03.??"]
[Round "4"]
[White "Desjardins, Michel "]
[Black "Gauthier, Denis "]
[Result "1/2-1/2"]
[BlackElo "1931"]
[WhiteElo "2005"]

1.e4 c5 2.c3 Nf6 3.e5 Nd5 4.Nf3 Nc6 5.d4 cxd4 6.cxd4 d6 7.Bc4 e6 8.O-O Be7
9.exd6 Qxd6 10.Nc3 O-O 11.Ne4 Qd8 12.a3 b6 13.Qd3 Bb7 14.Rd1 Rc8 15.Bb3 Qc7
16.Bxd5 exd5 17.Neg5 g6 18.Bd2 Bf6 19.Rac1 Qd7 20.b4 Rfe8 21.Re1 Rxe1+
22.Rxe1 Re8 23.Re3 Rxe3 24.Qxe3 Qe7 25.Qxe7 Bxe7 26.Nh3 f6 27.Nf4 Nd8 28.h3
Kf7 29.g4 Ne6 30.Nd3 Ba6 31.Nf4 Nxf4 32.Bxf4 Be2 33.Ne1 Ke6 34.f3 b5 35.Kf2
Bc4 36.Bd2 h5 37.Ng2 hxg4 38.hxg4 Bd6 39.Bf4 Be7 40.Be3 g5 41.Bd2 f5 42.Ne3
fxg4 43.fxg4 Bf6 44.Bc3 Bd3 45.Nf1 Be7 46.Bd2 Bc2 47.Ke2 Bf6 1/2-1/2

[Event "Tournoi Ouvert de Gatineau (A)"]
[Site "Gatineau"]
[Date "2015.03.??"]
[Round "4"]
[White "Libersan, Mattieu "]
[Black "Forget, David "]
[Result "0-1"]
[BlackElo "1938"]
[WhiteElo "1901"]

1.e4 e6 2.d4 d5 3.Nc3 Bb4 4.Ne2 dxe4 5.a3 Bxc3+ 6.Nxc3 Nc6 7.Bb5 Ne7 8.Nxe4
O-O 9.Be3 f5 10.Ng5 f4 11.Qh5 h6 12.Bd3 fxe3 13.O-O-O Nf5 14.h4 Qe8 15.Qg4
exf2 16.Nf3 Ne3 17.Qe4 Nf5 18.g4 Bd7 19.gxf5 exf5 20.Bc4+ Kh8 21.Qf4 Qe4
22.Qg3 Qe3+ 23.Kb1 Na5 24.Bd5 Bc6 25.Rhe1 fxe1=Q 26.Rxe1 f4 27.Qg4 Bxd5
28.Rxe3 fxe3 29.Nh2 Rae8 0-1

[Event "Tournoi Ouvert de Gatineau (A)"]
[Site "Gatineau"]
[Date "2015.03.??"]
[Round "5"]
[White "Gordon, David"]
[Black "Gelblum, Robert"]
[Result "1-0"]
[BlackElo "2259"]
[WhiteElo "2296"]

1.d4 d6 2.e4 Nf6 3.Nc3 Nbd7 4.Nf3 e5 5.Be2 Be7 6.O-O O-O 7.Re1 c6 8.a4 b6
9.b3 Bb7 10.a5 bxa5 11.Ba3 Re8 12.dxe5 dxe5 13.Bxe7 Rxe7 14.Qd6 c5 15.Bc4 Ne8
16.Qd3 Nef6 17.Red1 h6 18.Nh4 Qb6 19.Nf5 Ree8 20.Qg3 Nh5 21.Bxf7+ Kxf7
22.Rxd7+ Kf8 23.Qf3 Nf6 24.Rxg7 Rad8 25.Rg6 1-0

[Event "Tournoi Ouvert de Gatineau (A)"]
[Site "Gatineau"]
[Date "2015.03.??"]
[Round "5"]
[White "Wan, Kevin "]
[Black "De Kerpel, Stijn "]
[Result "1/2-1/2"]
[BlackElo "2182"]
[WhiteElo "2254"]

1.e4 d5 2.exd5 Qxd5 3.Nc3 Qd6 4.d4 Nf6 5.Nf3 c6 6.h3 Bf5 7.Bd3 Bxd3 8.Qxd3
Nbd7 9.O-O e6 10.Ne2 Qc7 11.Bf4 Bd6 12.Bxd6 Qxd6 13.c3 O-O 14.Rad1 Rfe8
15.Ng3 Rad8 16.Rfe1 b5 17.Ng5 Qd5 18.N5e4 Nxe4 19.Qxe4 Nf6 20.Qb1 Nd7 21.b3
h6 22.Qc2 Rc8 23.Ne4 Nb6 24.Ng3 Nd7 25.Ne4 Nb6 26.Nd2 Red8 27.Re5 Qd7 28.Ne4
Qe7 29.Nc5 Nd7 30.Nxd7 Rxd7 31.Rde1 Rd5 32.b4 Qc7 33.Qb3 a5 34.a3 axb4
35.axb4 Ra8 36.Qc2 Rxe5 37.dxe5 Rd8 38.c4 Qb8 39.Qe4 bxc4 40.Qxc4 1/2-1/2

[Event "Tournoi Ouvert de Gatineau (A)"]
[Site "Gatineau"]
[Date "2015.03.??"]
[Round "5"]
[White "Adriaanse, Adam "]
[Black "Pacey, Kevin "]
[Result "1-0"]
[BlackElo "2238"]
[WhiteElo "2132"]

1.e4 c6 2.d4 d5 3.Nc3 dxe4 4.Nxe4 Bf5 5.Ng3 Bg6 6.h4 h6 7.Nf3 Nd7 8.h5 Bh7
9.Bd3 Bxd3 10.Qxd3 e6 11.Bf4 Qa5+ 12.Bd2 Qc7 13.O-O-O Ngf6 14.Ne4 Nxe4
15.Qxe4 Nf6 16.Qe2 O-O-O 17.Kb1 Bd6 18.c4 c5 19.Bc3 a6 20.Ne5 Rhf8 21.f4 Bxe5
22.dxe5 Ng8 23.Qe4 Rxd1+ 24.Rxd1 Rd8 25.Rxd8+ Qxd8 26.Kc2 Ne7 27.g4 Nc6
28.Qh7 Qh4 29.Qxg7 Qf2+ 30.Kb3 Qxf4 31.Qf6 Nd4+ 32.Ka4 Qe4 33.Bxd4 Qxd4 34.b3
b5+ 35.Ka5 bxc4 36.Qxf7 c3 37.Qxe6+ Kd8 38.Qf6+ Ke8 39.Qg6+ Ke7 40.Qf6+ Ke8
41.Qg6+ Ke7 42.Qxh6 Qxe5 43.g5 c4+ 44.Kb4 cxb3 45.Qf6+ Qxf6 46.gxf6+ Kxf6
47.Kxb3 Kg5 48.Kxc3 Kxh5 49.Kb4 1-0

[Event "Tournoi Ouvert de Gatineau (A)"]
[Site "Gatineau"]
[Date "2015.03.??"]
[Round "5"]
[White "Simic, Dusan "]
[Black "Davies, Alex "]
[Result "0-1"]
[BlackElo "2281"]
[WhiteElo "2133"]

1.c4 Nf6 2.Nc3 g6 3.e4 d6 4.d4 Bg7 5.h3 O-O 6.Be3 Na6 7.Bd3 c5 8.d5 e6 9.Nf3
exd5 10.cxd5 Re8 11.Nd2 Rb8 12.O-O Nc7 13.a4 b6 14.Bg5 h6 15.Bh4 a6 16.Nc4 b5
17.axb5 axb5 18.Na5 Bd7 19.Nc6 Bxc6 20.dxc6 Rb6 21.Nd5 Rxc6 22.Nxc7 Rxc7
23.Bxb5 Rxe4 24.Bg3 Rd4 25.Qf3 Rc8 26.Rfd1 Rxd1+ 27.Rxd1 Qb6 28.Bc4 d5
29.Bxd5 Nxd5 30.Rxd5 Bxb2 31.Rd7 Qe6 32.Qb7 Re8 33.Rd6 Qe1+ 34.Kh2 Bd4 35.Qd5
Qe4 36.Qc4 Bxf2 37.Qxe4 Bxg3+ 38.Kxg3 Rxe4 39.Rc6 Re5 40.Kf4 Rf5+ 41.Ke4 Rf2
0-1

[Event "Tournoi Ouvert de Gatineau (A)"]
[Site "Gatineau"]
[Date "2015.03.??"]
[Round "5"]
[White "Marin, Sam"]
[Black "Gauthier, Denis "]
[Result "1/2-1/2"]
[BlackElo "1931"]
[WhiteElo "1915"]

1.e4 c5 2.Nc3 Nc6 3.g3 g6 4.Bg2 Bg7 5.d3 e6 6.Be3 d6 7.Nge2 Rb8 8.a4 a6 9.f4
Nge7 10.Rb1 O-O 11.O-O Nd4 12.b4 Qc7 13.b5 Bd7 14.Qd2 Rfe8 15.Rfc1 Ra8
16.bxa6 bxa6 17.e5 Nxe2+ 18.Nxe2 d5 19.a5 Nf5 20.Bf2 Rab8 21.Rb3 Bf8 22.Rcb1
Rxb3 23.Rxb3 Rb8 24.Qc3 Rxb3 25.cxb3 Bb5 26.Nd4 Bxd3 27.Qxd3 cxd4 28.Qxa6 Bb4
29.Qa8+ Kg7 30.Bf1 Qxa5 31.Qxa5 Bxa5 32.g4 Ne3 33.Bxe3 dxe3 34.Kg2 Kf8 35.Kf3
Bb6 36.g5 Ke7 37.Bb5 d4 38.Ke2 Bc5 39.h3 Kd8 40.Ba4 Bf8 41.Bb5 h6 42.h4 h5
43.Kd3 Bc5 44.Ba4 Bb4 45.Bb5 Bc3 46.Ke2 Bd2 47.Kd3 1/2-1/2

[Event "Tournoi Ouvert de Gatineau (A)"]
[Site "Gatineau"]
[Date "2015.03.??"]
[Round "5"]
[White "Kellar, Ben "]
[Black "Kuriliw, Ray "]
[Result "1-0"]
[BlackElo "1979"]
[WhiteElo "1977"]

1.c4 e5 2.g3 g6 3.Bg2 Bg7 4.Nc3 d6 5.Nf3 Nc6 6.O-O Nge7 7.Rb1 O-O 8.b4 Rb8
9.a4 f5 10.Ne1 e4 11.Nc2 Be6 12.Ne3 Ne5 13.Qb3 c6 14.f4 Nf7 15.d3 d5 16.cxd5
cxd5 17.dxe4 dxe4 18.Qxe6 Bxc3 19.Rd1 Qe8 20.b5 Kg7 21.Ba3 Bf6 22.g4 h6
23.gxf5 Nd8 24.Qd7 Rf7 25.Qxe8 1-0

[Event "Tournoi Ouvert de Gatineau (A)"]
[Site "Gatineau"]
[Date "2015.03.??"]
[Round "5"]
[White "Valdizon, Armando "]
[Black "Yao, Sammy "]
[Result "1/2-1/2"]
[BlackElo "2084"]
[WhiteElo "2226"]

1.d4 d6 2.e4 g6 3.f4 Bg7 4.Nf3 a6 5.c4 e6 6.Nc3 Ne7 7.Be3 b6 8.Qd2 Bb7 9.Be2
Nd7 10.O-O c6 11.a4 d5 12.cxd5 cxd5 13.e5 Nf5 14.Bf2 h5 15.g3 Rc8 16.h3 Qe7
17.g4 hxg4 18.hxg4 Nh6 19.Nh2 Qf8 20.Bd3 Qg8 21.Kg2 Bf8 22.Be3 Be7 23.Rh1 Nc5
24.Rag1 Ne4 25.Qe2 Nxc3 26.bxc3 a5 27.Qb2 Bd8 28.Qd2 Qf8 29.Qb2 Bc6 30.Qb3
Ng8 31.Nf3 Rxh1 32.Rxh1 Qg7 33.Bc1 Kd7 34.Ba6 Rb8 35.Bb5 Ne7 36.Bd3 Bc7
37.Ba3 Rh8 38.Rxh8 Qxh8 39.Bxe7 Kxe7 40.Bb5 Bxb5 41.Qxb5 Qe8 42.Qb3 Qc6
43.Nd2 Ke8 44.Kf3 Bd8 45.g5 Be7 46.Ke3 Kd7 47.Kd3 Kc7 48.c4 dxc4+ 49.Qxc4 Bb4
50.Ne4 Qxc4+ 51.Kxc4 Ba3 52.d5 exd5+ 53.Kxd5 Bc1 54.Nd6 Bxf4 55.Nxf7 Kd7
56.e6+ Ke7 57.Nh8 Bxg5 58.Nxg6+ Ke8 59.Ne5 Be3 60.Nc6 Bf2 61.Ne5 Be3 62.Nc4
Bf2 63.Kd6 Bd4 64.Nd2 Bc5+ 65.Kd5 Ke7 66.Nc4 Bf2 67.Nd6 Bc5 68.Nf5+ Ke8
69.Kc6 Bf2 70.Nd6+ Ke7 71.Kd5 Bc5 72.Nc8+ Kf6 73.Na7 Be3 74.Kd6 Bc5+ 75.Kd7
Ke5 76.Nb5 Kd5 77.Na7 Ke5 78.Kc6 Kxe6 79.Nc8 Be3 80.Nxb6 Bxb6 81.Kxb6 Kd6
82.Kxa5 Kc7 1/2-1/2